Score 0/50 Timer 05:00
0 Plays Today
State Abbreviation % Correct
AlabamaAL
98.4%
CaliforniaCA
94.1%
ArizonaAZ
93.7%
ColoradoCO
93.7%
FloridaFL
93.7%
AlaskaAK
93.3%
New YorkNY
93.3%
ArkansasAR
92.9%
IllinoisIL
92.5%
DelawareDE
92.1%
IndianaIN
92.1%
MississippiMS
92.1%
New JerseyNJ
92.1%
ConnecticutCT
91.7%
MichiganMI
91.7%
MinnesotaMN
91.7%
MissouriMO
91.7%
NebraskaNE
91.7%
New HampshireNH
91.7%
OhioOH
91.7%
IdahoID
91.3%
KansasKS
91.3%
Massachusetts MA
91.3%
North CarolinaNC
91.3%
OregonOR
91.3%
State Abbreviation % Correct
South DakotaSD
91.3%
GeorgiaGA
90.9%
NevadaNV
90.9%
New MexicoNM
90.9%
North DakotaND
90.9%
OklahomaOK
90.9%
South CarolinaSC
90.9%
IowaIA
90.6%
KentuckyKY
90.6%
LouisianaLA
90.6%
TennesseeTN
90.6%
TexasTX
90.6%
UtahUT
90.6%
HawaiiHI
90.2%
MaineME
90.2%
MontanaMT
90.2%
Rhode IslandRI
90.2%
VermontVT
90.2%
West VirginiaWV
90.2%
WisconsinWI
90.2%
PennsylvaniaPA
89.8%
WashingtonWA
89.8%
WyomingWY
89.8%
MarylandMD
89.4%
VirginiaVA
89%
Come Together.
Have Fun.
All Virtual.
We all need to come together. Play Sporcle's virtual live trivia to have fun, connect with people, and get your trivia on. Join a live hosted trivia game for your favorite pub trivia experience done virtually. If a virtual private party is more your thing, go here for details.

You're not logged in!

Compare scores with friends on all Sporcle quizzes.
OR
Log In

Sporcle TV

Today on Sporcle TV


Watch our educational content, quiz creation guides, and fun videos on Sporcle TV.

Show Comments

Extras

Top Quizzes Today


Score Distribution

Paid Content

Your Account Isn't Verified!

In order to create a playlist on Sporcle, you need to verify the email address you used during registration. Go to your Sporcle Settings to finish the process.

Report this User

Report this user for behavior that violates our Community Guidelines.

Details: